Ley de titulación de tierras de las reservas del Estado /

Guardado en:
Bibliografiske detaljer
Institution som forfatter: Costa Rica. Ministerio de Agricultura y Ganadería. Consejo Agropecuario Nacional
Format: Ukendt
Udgivet: San José: Costa Rica
Tags: Tilføj Tag
Ingen Tags, Vær først til at tagge denne postø!

MARC

LEADER 00000 a2200000 04500
001 44499
003
008 991231s d
040 |a CRAI/IIS  |c CRAI/IIS 
090 |a 07.02.01 CR8375l  
110 |a Costa Rica. Ministerio de Agricultura y Ganadería. Consejo Agropecuario Nacional  
245 |a Ley de titulación de tierras de las reservas del Estado /  |c Ministerio de Agricultura y Ganadería. Consejo Agropecuario Nacional de Costa Rica 
260 |a San José:   |b Costa Rica  
300 |a 5 páginas  
999 |c 18518  |d 18518